| 000 | 00891nam a2200229 a 4500 | ||
|---|---|---|---|
| 003 | MX-MxUPN | ||
| 005 | 20240919064122.0 | ||
| 008 | 991125s1957 mx r 000 0 spa d | ||
| 035 | _aUPN01000011215 | ||
| 040 |
_aMX-MxUPN _bspa _cMX-MxUPN |
||
| 041 | 0 | _aspa | |
| 050 | 1 | 4 |
_aKGF2914 1917 _bA6 1957 |
| 110 | 1 |
_aMéxico. _tConstitución política (1917) _927956 |
|
| 245 | 1 | 0 |
_aConstitución política de los Estados Unidos Mexicanos : _ben vigor desde el 1o. de mayo de 1917 con reformas y adiciones hasta la fecha / _cíndice analítico por Rafael Aguayo Spencer. |
| 260 |
_aMéxico, D.F. : _bOlimpo, _c1957. |
||
| 300 |
_a116 páginas ; _c13 cm. |
||
| 490 | 0 | _aColección jurídica | |
| 650 | 4 |
_aConstituciones _zMéxico _945707 |
|
| 700 | 1 |
_aAguayo Spencer, Rafael, _d1914-1982 _930342 |
|
| 710 | 2 |
_aMuseo Pedagógico Nacional (México) _951335 _epropietario anterior |
|
| 942 |
_2lcc _cLIBRO |
||
| 999 |
_c11215 _d11215 |
||